• 首页
  • 本馆介绍
  • 公告通知
  • 最新文献
  • 馆藏检索
  • 电子资源
  • 读者导购
  • 参考咨询
  • 我的图书馆
  • 登录
  • 详细信息显示
  • 放入我的书架
  • 预约/预借图书
  • 作者相关作品
  • 分类相关作品
  • 丛书相关作品
  • 出版社相关作品

书目信息

  • 表格格式
  • 工作单格式
  • 卡片格式
题名:
河北省普通高校专科接本科教育公共课考试指南
    
 
作者: ;刘克俊 译
分册: 2003年   文史类
出版信息: [出版地不详]   [出版者不详]  2001
页数: 290页
开本: 19cm
丛书名:
单 册:
中图分类: G642.474
科图分类:
主题词: 教育--各级 , 教育--各级
电子资源:
ISBN:
000 00715nam0 2200229 45
001 0750312973
005 20070803141509.60
010    @d[不详]
020    @aCN@b89026442
100    @a19911017d2001 m y0chiy0120 ea
101 1  @achi@ceng
105    @ay z 000yy
200 10 @a河北省普通高校专科接本科教育公共课考试指南@Ahe bei sheng pu tong gao xiao zhuan ke jie ben ke jiao yu gong gong ke kao shi zhi nan@h2003年@i文史类
210    @a[出版地不详]@c[出版者不详]@d2001
215    @a290页@d19cm
517 1  @a文史类@Awen shi lei
606 0  @a教育@x各级
606 0  @a教育@x各级
690    @aG642.474@v3
702  0 @a刘克俊@Aliu ke jun@4译
801  0 @aCN@bNLC@c20070803
905    @a10447@dG642.474@e235:1(2003)
    
    河北省普通高校专科接本科教育公共课考试指南.2003年.文史类.-[出版地不详]:[出版者不详],2001
    290页;19cm
    
    
    ISBN :[不详]
    
●
相关链接 在E读中查询图书 在五车中查询图书 在当当中查询图书 在豆瓣中查询图书


正题名:河北省普通高校专科接本科教育公共课考试指南     索取号:G642.474/235:1(2003)         预约/预借

序号 登录号 条形码 馆藏地/架位号 状态 备注
1 0791251   207912516   密集书库/ [索取号:G642.474/235:1(2003)] 在馆    
2 0791555   207915559   第一样本阅览室/ [索取号:G642.474/235:1(2003)] 在馆    
唐山师范学院图书馆 欢迎您!
大连网信软件有限公司© 版权所有